00506nam a22001697a 450000500170000001000150001702000270003203500140005903700090007308200110008210000190009324500740011226000350018627000630022130000330028450000190031720251016115520.0 aENG-146967 a9789395474740c1895.00 aEN-130499 bDBAD a23521 aUrban, Hugh B. aThe Path of Desire:bLiving Tantra in Northeast India/cHugh B. Urban aNew DelhibSanctum Booksc2024 a68 Medical Association Road, Darya GanjbNew Delhie110002 avii, 272p. c24cm(hb)bIndex aIncludes index